000
00327nam a2200157Ia 4500
100
_a
Davis/John W
650
_a
MANUFACTURING
942
_c
RB
366
_f
25
245
_a
Lean Manufacturing
260
_b
Industrial Press
_c
2009
082
_a
658.5
_b
DAV
300
_a
178
546
_a
ENGLISH
_c
Info.Tech
999
_c
24359
_d
24359